Studies on the cultivation and agar production of Gracilaria changii /
محفوظ في:
| المؤلف الرئيسي: | |
|---|---|
| التنسيق: | أطروحة كتاب |
| اللغة: | English |
| منشور في: |
1994.
|
| الموضوعات: | |
| الوسوم: |
إضافة وسم
لا توجد وسوم, كن أول من يضع وسما على هذه التسجيلة!
|
| LEADER | 01133cam a2200289 a 4500 | ||
|---|---|---|---|
| 001 | u95455 | ||
| 003 | SIRSI | ||
| 008 | 910612s1994 my at 00 11 eng m | ||
| 035 | |a AAK-4287 | ||
| 040 | |a UMM | ||
| 043 | |a a-my--- | ||
| 090 | |a SH391 |b G7Shas | ||
| 091 | |a Microfiche 14845 | ||
| 100 | 0 | 0 | |a Shaharuddin Shafeei. |
| 245 | 1 | 0 | |a Studies on the cultivation and agar production of Gracilaria changii / |c Shaharuddin Shafeei. |
| 260 | |c 1994. | ||
| 300 | |a xv, 171 leaves : |b ill., (some col.) ; |c 30 cm. | ||
| 500 | |a Microfiche. Kuala Lumpur : University of Malaya Library, 2 fiches : negative ; 11 x 15 cm. | ||
| 502 | |a Dissertation (M.Phil.) -- Institut Pengajian Tinggi, Universiti Malaya, 1994. | ||
| 650 | 0 | |a Gracilaria changii. | |
| 650 | 0 | |a Agar. | |
| 650 | 0 | |a Marine algae culture. | |
| 710 | 2 | 0 | |a Universiti Malaya. |b Institut Pengajian Tinggi. |
| 948 | |a 14/08/1991 |b 25/09/2003 | ||
| 596 | |a 1 | ||
| 999 | |a SH391 G7SHAS |w LC |c 1 |i A505612591 |l B_KOM4 |m P01UTAMA |r Y |s Y |t TESIS |u 11/8/1998 |o .PUBLIC. BKOM 4 :43057 |o .STAFF. .COMMENT. GIFT-DEKAN IPSP | ||
| 999 | |a SH391 G7SHAS |w LC |c 2 |i A507731691 |l STACKS |m P01UTAMA |r Y |s Y |t TESIS |u 8/9/1998 | ||
